Лучшая вузовская лекция. 6 (Запись № 1233596)

Подробности
000 -МАРКЕР
контрольное поле 02148nam2a2200337 4500
001 - ИДЕНТИФИКАТОР ЗАПИСИ
контрольное поле RU\NLR\bibl\1712182
005 - ИДЕНТИФИКАТОР ВЕРСИИ
контрольное поле 20260408070737.0
010 ## - МЕЖДУНАРОДНЫЙ СТАНДАРТНЫЙ НОМЕР КНИГИ (ISBN)
Номер (ISBN) 978-5-904729-11-0
Тираж 500
021 ## - НОМЕР ГОСУДАРСТВЕННОЙ РЕГИСТРАЦИИ
Код страны Российская Федерация
Номер 2010-88685
Номер Листа государственной регистраци 5951
035 ## - ДРУГИЕ СИСТЕМНЫЕ НОМЕРА
Идентификатор записи (NLR Aleph) 001703210
100 ## - ДАННЫЕ ОБЩЕЙ ОБРАБОТКИ
Данные общей обработки 20101210d2010 |||y0rusy50 ca
101 0# - ЯЗЫК РЕСУРСА
Язык текста, звукозаписи и т.д. русский
102 ## - СТРАНА ПУБЛИКАЦИИ ИЛИ ПРОИЗВОДСТВА
Страна публикации Российская Федерация
105 ## - ПОЛЕ КОДИРОВАННЫХ ДАННЫХ: ТЕКСТОВЫЕ МАТЕРИАЛЫ, МОНОГРАФИЧЕСКИЕ
Кодированные данные о монографическом текстовом документе a |||||||||
200 0# - ЗАГЛАВИЕ И СВЕДЕНИЯ ОБ ОТВЕТСТВЕННОСТИ
Основное заглавие 6
Первые сведения об ответственности Всерос. студенч. фестиваль "Учитель русской словесности"
Последующие сведения об ответственности [науч. ред.: Минералова И.Г.]
210 ## - ПУБЛИКАЦИЯ, РАСПРОСТРАНЕНИЕ И ДР.
Дата издания, распространения и т.д. 2010
Место издания, распространения и т.д. Б. м.
215 ## - ФИЗИЧЕСКАЯ ХАРАКТЕРИСТИКА
Специфическое обозначение материала и объем 139 с.
Другие сведения о физической характеристике ил.
300 ## - ОБЩИЕ ПРИМЕЧАНИЯ
Текст примечания В надзаг.: М-во образования и науки Рос. Федерации, Федер. агентство по образованию, Мос. ин-т открытого образования, Моск. пед. гос. ун-т, Филол. фак.
320 ## - ПРИМЕЧАНИЯ О НАЛИЧИИ В ДОКУМЕНТЕ БИБЛИОГРАФИИ / УКАЗАТЕЛЯ
Текст примечания Библиогр. в конце ст.
461 #0 - УРОВЕНЬ НАБОРА
Встроенное поле 001RU\NLR\bibl\1134359
-- 2001#$aЛучшая вузовская лекция$v6
Системный номер (АБИС) связанной записи 1299521
Место публикации Москва
Дата публикации 2006
Первые сведения об ответственности М-во образования и науки Рос. Федерации, Федер. агентство по образованию, Моск. пед. гос. ун-т, Филол. фак., Учеб.-науч. филол. центр
Заглавие части Академическая филология. Литературоведение. Лингвистика
Имя издателя, распространителя и т.д. [б. и.]
Сведения, относящиеся к заглавию [сборник]
Заглавие Лучшая вузовская лекция
Номер тома 6
606 1# - НАИМЕНОВАНИЕ ТЕМЫ КАК ПРЕДМЕТ
Наименование темы Русская филология
Формальный подзаголовок Сборники
Системный номер авторитетной/нормативной записи 1533718
Идентификатор авторитетной/нормативной записи RU\NLR\auth\66969420
686 ## - ИНДЕКСЫ ДРУГИХ КЛАССИФИКАЦИЙ
Индекс Ш041.2я43
702 #1 - ИМЯ ЛИЦА - ВТОРИЧНАЯ ОТВЕТСТВЕННОСТЬ
Начальный элемент ввода Минералова
Часть имени, кроме начального элемента ввода И. Г.
Расширение инициалов личного имени Ирина Георгиевна
Код отношения Редактор
711 12 - НАИМЕНОВАНИЕ ОРГАНИЗАЦИИ - АЛЬТЕРНАТИВНАЯ ОТВЕТСТВЕННОСТЬ
Начальный элемент ввода "Учитель русской словесности", всероссийский студенческий фестиваль
Порядковый номер временной организации и / или порядковый номер ее части 9
Место проведения временной организации Москва
Дата проведения временной организации 2009
Системный номер авторитетной/нормативной записи 840139
Идентификатор авторитетной/нормативной записи RU\NLR\AUTH\8810172158
712 02 - НАИМЕНОВАНИЕ ОРГАНИЗАЦИИ - ВТОРИЧНАЯ ОТВЕТСТВЕННОСТЬ
Код отношения Прочие
Начальный элемент ввода Московский институт открытого образования
Системный номер авторитетной/нормативной записи 593333
Идентификатор авторитетной/нормативной записи RU\NLR\AUTH\8810046834
801 #0 - ИСТОЧНИК ЗАПИСИ
Страна Российская Федерация
Организация NLR
Дата составления 20101210
Правила каталогизации RCR
801 #1 - ИСТОЧНИК ЗАПИСИ
Страна Российская Федерация
Организация NLR
Дата составления 20101210
942 ## - ДОПОЛНИТЕЛЬНЫЕ ЭЛЕМЕНТЫ ЗАПИСИ (АБИС)
Тип экземпляра АБИС Книга
980 ## - КОЛЛЕКЦИЯ
Название коллекции Национальная библиография
Экземпляры
Тип экземпляра Дата поступления Источник поступления Библиотека постоянного хранения Библиотека текущего хранения Место хранения Шифр хранения Штрих-код Статус экземпляра
Книга 10.12.2010 Обязательный экземпляр РНБ (Московский) РНБ (Московский) Русский книжный фонд: издания с 1957 года 2007-3/20759 3314066  
Книга 10.12.2010 Обязательный экземпляр РНБ (Московский) РНБ (Московский) Русский книжный фонд: издания с 1957 года 2007-3/20759 1-290332